| 000 | 00703cam a22002531a 4500 | ||
|---|---|---|---|
| 001 | sa 67002262 | ||
| 003 | DLC | ||
| 005 | 20260227112329.0 | ||
| 008 | 951004s1963 pk b 000 0 urdo | ||
| 010 | _asa 67002262 | ||
| 025 | _aP-U-737 | ||
| 035 | _a(OCoLC)33247066 | ||
| 040 |
_aDLC _cWaU _dDLC |
||
| 042 | _apremarc | ||
| 043 | _ama----- | ||
| 050 | 0 | 0 |
_aDS49.7 _b.M785 |
| 100 | 1 | _aʻĀṣim, Muḥammad. | |
| 245 | 1 | 0 |
_aSafarnāmah arz̤ al-Qurʼān / _cMuḥammad ʻĀṣim. |
| 260 |
_aLāhaur : _bIslāmik Pablīkeshanz, _c1963. |
||
| 300 |
_a320 p. : _bfold. maps ; _c18 cm. |
||
| 546 | _aIn Urdu. | ||
| 651 | 0 |
_aArab countries _xDescription and travel. |
|
| 630 | 0 | 0 |
_aQurʼan _xGeography. |
| 999 |
_c73164 _d73164 |
||